Banking Sector of Ukraine: Recovery after Crisis 2014

Vojenský konflikt na východnej Ukrajine, najmä v Doneckom a Luhanskom regióne, ktorý sa začal v roku 2014, výrazne zasiahol ukrajinskú ekonomiku. Vedie to najmä k strate priemyselnej vývoznej kapacity a vplyvu dôvery vo vládu. Hospodárska činnosť sa začala obnovovať v roku 2016. Politické a geopolit...

Ausführliche Beschreibung

Gespeichert in:
Bibliographische Detailangaben
1. Verfasser: Dziura, Boris, 1976-
Weitere Verfasser: Raneta, Leonid, 1982-
Format: Buchkapitel
Sprache:Englisch
Schlagworte:
Tags: Tag hinzufügen
Keine Tags, Fügen Sie das erste Tag hinzu!

MARC

LEADER 00000naa$a2200000$$$4500
001 0257487
005 20240717114351.1
041 0 |a eng 
044 |a SK 
245 1 0 |a Banking Sector of Ukraine: Recovery after Crisis 2014  |c Boris Dziura, Leonid Raneta 
520 |a Vojenský konflikt na východnej Ukrajine, najmä v Doneckom a Luhanskom regióne, ktorý sa začal v roku 2014, výrazne zasiahol ukrajinskú ekonomiku. Vedie to najmä k strate priemyselnej vývoznej kapacity a vplyvu dôvery vo vládu. Hospodárska činnosť sa začala obnovovať v roku 2016. Politické a geopolitické prostredie je však naďalej nestabilné. Za týchto okolností sa zaznamenali značné straty bankového systému. Otázky platobnej neschopnosti v bankovníckom sektore a oživujúce tendencie od roku 2018, medzi ktoré patria zvýšené zisky bánk, pôžičky a vklady obyvateľstva. 
610 2 0 |a Ukrajina 
610 2 0 |a konflikty 
610 2 0 |a bankovníctvo 
100 1 |a Dziura, Boris, 1976- 
700 1 |a Raneta, Leonid, 1982-